[Event "Velez Rapid op 10th"]
[Site "Velez Santander"]
[Date "2023.11.06"]
[Round "10"]
[White "Monterroso, Karla"]
[Black "Aponte Castillo, Ernesto"]
[Result "0-1"]
[WhiteElo "1731"]
[BlackElo "2023"]
[PlyCount "74"]
[EventDate "2023.11.06"]
[EventType "swiss (rapid)"]
[EventRounds "10"]
[EventCountry "COL"]
[SourceTitle "Mega2024 Update 01"]
[Source "Chessbase"]
[SourceDate "2023.11.12"]
[SourceVersion "1"]
[SourceVersionDate "2023.11.12"]
[SourceQuality "1"]

1. c4 f5 2. g3 Nf6 3. Bg2 g6 4. d4 Bg7 5. Nf3 0-0 6. 0-0 d6 7. Nc3 Qe8 8. Re1 Qf7 9. b3 Ne4 10. Nd5 c6 11. Nc7 Na6 12. Nxa8 Bd7 13. Ng5 Qf6 14. h4 Qxd4 15. Be3 Qxa1 16. Qxa1 Bxa1 17. Rxa1 Nxg5 18. Bxg5 Kf7 19. Rd1 Rxa8 20. a3 Nc7 21. c5 d5 22. b4 e5 23. e4 fxe4 24. Bxe4 Bg4 25. f3 Be6 26. Bc2 a5 27. Rd2 axb4 28. axb4 Bf5 29. Bxf5 gxf5 30. Re2 e4 31. fxe4 dxe4 32. Rd2 Nd5 33. Rd4 Ra4 34. Bd2 Ke6 35. Kf2 Ke5 36. Rc4 Ra2 37. Ke2 e3 0-1

[Event "Olympiad Women-38"]
[Site "Dresden"]
[Date "2008.11.22"]
[Round "9"]
[White "Jamila, Juma"]
[Black "Monterroso, Karla"]
[Result "1-0"]
[WhiteElo "1744"]
[BlackElo "1733"]
[PlyCount "69"]
[EventDate "2008.11.13"]
[EventType "team-swiss"]
[EventRounds "11"]
[EventCountry "GER"]
[SourceTitle "CBM 128"]
[Source "ChessBase"]
[SourceDate "2009.01.28"]
[SourceVersion "1"]
[SourceVersionDate "2009.01.28"]
[SourceQuality "1"]
[WhiteTeam "United Arab Emirates (W)"]
[BlackTeam "Guatemala (W)"]
[WhiteTeamCountry "UAE"]
[BlackTeamCountry "GUA"]

1. d4 d5 2. Nf3 c6 3. g3 Bf5 4. Bg2 h6 5. 0-0 Nf6 6. c4 e6 7. Nc3 Be7 8. Re1 Nbd7 9. b3 0-0 10. Nd2 Qc7 11. e4 dxe4 12. Ndxe4 Nxe4 13. Nxe4 Nf6 14. Bf4 Qd7 15. Nc5 Bxc5 16. dxc5 Rad8 17. Qd6 Qc8 18. Qe5 Rd3 19. Bxh6 Kh7 20. Be4 Kxh6 21. Bxd3 Ng4 22. Qe2 Nf6 23. Bxf5 exf5 24. Qe7 Kh7 25. Rad1 Kg8 26. f3 Qb8 27. Qd6 Qc8 28. Re7 b5 29. cxb5 cxb5 30. Rxa7 Ne8 31. Qe7 Qc6 32. Rd8 Qe6 33. Qxe6 fxe6 34. Rb7 g6 35. c6 1-0

[Event "Olympiad Women-37"]
[Site "Turin"]
[Date "2006.05.27"]
[Round "6"]
[White "Monterroso, Karla"]
[Black "Wan, Khye Theng"]
[Result "0-1"]
[WhiteElo "1723"]
[BlackElo "1989"]
[PlyCount "120"]
[EventDate "2006.05.21"]
[EventType "team-swiss"]
[EventRounds "13"]
[EventCountry "ITA"]
[SourceTitle "CBM 112 Extra"]
[Source "ChessBase"]
[SourceDate "2006.07.14"]
[SourceVersion "1"]
[SourceVersionDate "2006.07.14"]
[SourceQuality "1"]
[WhiteTeam "Guatemala (W)"]
[BlackTeam "Malaysia (W)"]
[WhiteTeamCountry "GUA"]
[BlackTeamCountry "MAS"]

1. e4 e6 2. d4 d5 3. exd5 exd5 4. Bd3 Bd6 5. Nc3 c6 6. Nge2 Ne7 7. Bf4 Bf5 8. Qd2 Qc7 9. Bxd6 Qxd6 10. Ng3 Bxd3 11. Qxd3 Nd7 12. 0-0 0-0 13. Rfe1 Nf6 14. h3 Ng6 15. Nce2 Rfe8 16. c3 Re6 17. Nf5 Qd7 18. Neg3 Rae8 19. Rxe6 Rxe6 20. Qd2 Qe8 21. Kf1 Kf8 22. a4 h6 23. a5 Ne7 24. Nxe7 Qxe7 25. Re1 Ne4 26. Nxe4 Rxe4 27. Rxe4 Qxe4 28. f3 Qf5 29. Kf2 Ke7 30. Qe2+ Qe6 31. Qxe6+ Kxe6 32. Ke3 f6 33. Kf4 g6 34. g3 Kd6 35. Ke3 Kc7 36. h4 Kd6 37. g4 g5 38. hxg5 hxg5 39. f4 Kc7 40. fxg5 fxg5 41. Kd3 b6 42. axb6+ Kxb6 43. c4 Ka5 44. Kc3 Ka4 45. b3+ Ka3 46. cxd5 cxd5 47. Kc2 Kb4 48. Kb2 a5 49. Kc2 a4 50. bxa4 Kxa4 51. Kc3 Ka3 52. Kc2 Kb4 53. Kd3 Kb3 54. Kd2 Kc4 55. Ke3 Kc3 56. Ke2 Kxd4 57. Kd2 Ke4 58. Ke2 Kf4 59. Kd3 Kxg4 60. Kd4 Kf3 0-1

[Event "Olympiad Women-37"]
[Site "Turin"]
[Date "2006.05.24"]
[Round "4"]
[White "Smith, Vivian J"]
[Black "Monterroso, Karla"]
[Result "1/2-1/2"]
[WhiteElo "2020"]
[BlackElo "1723"]
[PlyCount "103"]
[EventDate "2006.05.21"]
[EventType "team-swiss"]
[EventRounds "13"]
[EventCountry "ITA"]
[SourceTitle "CBM 112 Extra"]
[Source "ChessBase"]
[SourceDate "2006.07.14"]
[SourceVersion "1"]
[SourceVersionDate "2006.07.14"]
[SourceQuality "1"]
[WhiteTeam "New Zealand (W)"]
[BlackTeam "Guatemala (W)"]
[WhiteTeamCountry "NZL"]
[BlackTeamCountry "GUA"]

1. e4 d5 2. Nc3 d4 3. Nce2 e5 4. Nf3 Nc6 5. Ng3 Nf6 6. Bc4 h6 7. d3 Bb4+ 8. Bd2 Bxd2+ 9. Qxd2 Bg4 10. Qe2 Nh5 11. Nxh5 Bxh5 12. h3 Qe7 13. g4 Bg6 14. 0-0-0 Na5 15. Bb3 Nxb3+ 16. axb3 a5 17. Nd2 a4 18. bxa4 Rxa4 19. Nb1 f6 20. c3 0-0 21. Kd2 Rfa8 22. Ke1 Bf7 23. c4 b5 24. cxb5 Qb4+ 25. Kf1 Qxb5 26. Na3 Qb7 27. f3 Rb4 28. Rd2 Rb8 29. Rh2 Qa6 30. Rf2 c5 31. Rc2 Qa5 32. Kg2 Bb3 33. Rd2 Qa6 34. Nc2 R4b6 35. Na3 Kf7 36. f4 exf4 37. Rxf4 Re8 38. h4 Re5 39. Rf5 Kg8 40. Rf2 Qc8 41. Kh2 Qb8 42. Kg2 Rb7 43. Kg1 Qc8 44. Rg2 Qd8 45. Rh2 Qe8 46. Rg2 Qg6 47. Qf3 Qf7 48. Qe2 Qg6 49. Qf3 Qf7 50. Qe2 Qg6 51. Qf3 Qf7 52. Qe2 1/2-1/2

[Event "Olympiad Women-37"]
[Site "Turin"]
[Date "2006.05.22"]
[Round "2"]
[White "Monterroso, Karla"]
[Black "Sukhu, Gloria"]
[Result "1-0"]
[WhiteElo "1723"]
[BlackElo "1706"]
[PlyCount "127"]
[EventDate "2006.05.21"]
[EventType "team-swiss"]
[EventRounds "13"]
[EventCountry "ITA"]
[SourceTitle "CBM 112 Extra"]
[Source "ChessBase"]
[SourceDate "2006.07.14"]
[SourceVersion "1"]
[SourceVersionDate "2006.07.14"]
[SourceQuality "1"]
[WhiteTeam "Guatemala (W)"]
[BlackTeam "Fiji (W)"]
[WhiteTeamCountry "GUA"]
[BlackTeamCountry "FIJ"]

1. e4 g6 2. d4 Bg7 3. Ne2 d6 4. g3 Nc6 5. h3 e5 6. d5 Nd4 7. Bg2 f5 8. Nbc3 Bd7 9. Be3 c5 10. dxc6 Bxc6 11. Nxd4 exd4 12. Bxd4 Qe7 13. 0-0 Nf6 14. exf5 Bxg2 15. Re1 Be4 16. Bxf6 Bxf6 17. Rxe4 Be5 18. f4 gxf5 19. Re1 0-0-0 20. fxe5 dxe5 21. Qe2 e4 22. Rad1 Qc5+ 23. Qf2 Qxf2+ 24. Kxf2 Rde8 25. Nb5 Re7 26. Nxa7+ Kb8 27. Nb5 h5 28. h4 Rc8 29. Re2 b6 30. Rd5 Rf8 31. Ke3 Kb7 32. Nd4 Ref7 33. Ne6 Rg8 34. Ng5 Rf6 35. Kf4 Kc6 36. Rxf5 Rxf5+ 37. Kxf5 Rf8+ 38. Kxe4 Rf6 39. Ke5 Rf8 40. Rd2 Kb5 41. Ke6 Rf1 42. Ne4 Re1 43. Kf5 Kc6 44. Nf6 Rf1+ 45. Kg5 Rf3 46. Nxh5 Rf1 47. Nf4 b5 48. h5 Re1 49. h6 Re7 50. Re2 Rd7 51. Kg6 Rd1 52. h7 Rh1 53. Kg7 Kc5 54. h8Q Rxh8 55. Kxh8 b4 56. g4 Kd4 57. g5 Kc5 58. g6 Kd4 59. g7 b3 60. axb3 Kc5 61. g8Q Kb6 62. Re6+ Kc5 63. Qc8+ Kd4 64. Qc4# 1-0

[Event "American Continental (Women) 03rd"]
[Site "Guatemala City"]
[Date "2005.11.??"]
[Round "3"]
[White "Franco Valencia, Angela Maria"]
[Black "Monterroso, Karla"]
[Result "0-1"]
[WhiteElo "2097"]
[BlackElo "1699"]
[PlyCount "38"]
[EventDate "2005.11.12"]
[EventType "swiss"]
[EventRounds "9"]
[EventCountry "GUA"]
[SourceTitle "EXT 2023"]
[Source "ChessBase"]
[SourceDate "2022.10.05"]
[SourceVersion "1"]
[SourceVersionDate "2022.10.05"]
[SourceQuality "1"]

1. e4 d5 2. exd5 Qxd5 3. Nf3 Bg4 4. Be2 Nc6 5. Nc3 Qd7 6. d3 e5 7. h3 Bf5 8. Be3 Nf6 9. a3 h6 10. Qd2 Be7 11. Bf1 Nd5 12. g4 Be6 13. Bg2 Nxe3 14. Qxe3 f6 15. Ne4 Nd4 16. Nxd4 exd4 17. Qf3 Bd5 18. Qe2 0-0-0 19. 0-0-0 c5 0-1

[Event "American Continental (Women) 03rd"]
[Site "Guatemala City"]
[Date "2005.11.??"]
[Round "4"]
[White "Monterroso, Karla"]
[Black "Frometa Castillo, Zirka"]
[Result "0-1"]
[WhiteElo "1699"]
[BlackElo "2124"]
[PlyCount "80"]
[EventDate "2005.11.12"]
[EventType "swiss"]
[EventRounds "9"]
[EventCountry "GUA"]
[SourceTitle "EXT 2023"]
[Source "ChessBase"]
[SourceDate "2022.10.05"]
[SourceVersion "1"]
[SourceVersionDate "2022.10.05"]
[SourceQuality "1"]

1. e4 c6 2. d4 d5 3. exd5 cxd5 4. Bd3 Nc6 5. c3 Nf6 6. Nf3 e6 7. Bf4 Be7 8. Nbd2 a6 9. Ne5 Nxe5 10. dxe5 Nd7 11. Qg4 g5 12. Be3 Nxe5 13. Qd4 Bf6 14. 0-0-0 Nxd3+ 15. Qxd3 Bd7 16. Bd4 Qe7 17. Rde1 Bb5 18. Qe3 Bxd4 19. Qxd4 0-0-0 20. Nb3 f6 21. Qg4 Bd7 22. Qd4 Bc6 23. Qg4 Rde8 24. Re3 a5 25. Qe2 e5 26. Nd4 Qd7 27. Nxc6 Qxc6 28. Kb1 Kb8 29. Rd1 Rc8 30. Red3 Rhd8 31. Qd2 d4 32. cxd4 exd4 33. g3 Rd7 34. f4 g4 35. h3 Qe4 36. Ka1 Rcd8 37. Re1 Qf5 38. Rc1 Qd5 39. Qf2 Qe4 40. Qd2 Re8 0-1